000
00305nam a22001337a 4500
999
_c
528068
_d
528068
003
NUST
038
_a
M.Ramzan
082
_a
388.40973
_b
FHW
100
_a
FHWA
_9
19474
245
_a
public Involvement techniques for ../
_c
FHWA
260
_a
USA
_b
FHWA
_c
1996
300
_a
226 p, :
_c
25cm
942
_2
ddc
_c
BK